00333nam a2200145Ia 4500008004000000041000800040082001200048100001800060245002700078260004300105650001100148650000700159650001200166650000900178210210b1927 xxu||||| |||| 00| 0 eng d aeng a821/611 aSHESHADRI (P) aBook of english poetry aLondonbOxford University Pressc1927 apoetry aof aenglish aBook